Discrete mathematical structures and their applications /

Guardado en:
Autor Principal: Stone, Harold S., 1938-
Formato: Libro
Idioma:English
Publicado: Chicago : Science Research Associates, c1973.
Series:The SRA computer science series
Materias:
Etiquetas: Agregar Etiqueta
Sin Etiquetas, Sea el primero en etiquetar este registro!
LEADER 00713cam a2200217 a 4500
001 MAT.inmabb004665
008 730816s1973####ilua#####b####001#0#eng##
005 20170606131854.0
245 1 0 |a Discrete mathematical structures and their applications /  |c Harold S. Stone. 
260 |a Chicago :  |b Science Research Associates,  |c c1973. 
300 |a 401 p. :  |b il. ;  |c 25 cm. 
440 4 |a The SRA computer science series 
504 |a Bibliografía: p. 388-392. 
100 1 |a Stone, Harold S.,  |d 1938- 
650 0 |a Algebra, Abstract. 
650 0 |a Group theory. 
650 0 |a Machine theory. 
084 |a 00A05  |2 msc2000 
010 |a  72096797  
040 |a DLC  |c DLC  |d DLC  |d OCoLC 
859 |h 00A05  |i St877  |p A-4545  |b BIB. MATEMATICA